[Event "HUN-chT2 Erkel 1314"]
[Site "Hungary"]
[Date "2013.11.03"]
[Round "4.2"]
[White "Bencze, Laszlo"]
[Black "Bohati, Tamas"]
[Result "1/2-1/2"]
[WhiteElo "2206"]
[BlackElo "2101"]
[PlyCount "86"]
[EventDate "2013.09.08"]
[EventType "team-tourn"]
[EventRounds "11"]
[EventCountry "HUN"]
[SourceTitle "EXT 2016"]
[Source "ChessBase"]
[SourceDate "2015.10.08"]
[SourceVersion "1"]
[SourceVersionDate "2015.10.08"]
[SourceQuality "1"]
[WhiteTeam "Dunaharaszti II"]
[BlackTeam "Paszto"]
[WhiteTeamCountry "HUN"]
[BlackTeamCountry "HUN"]

1. c4 e6 2. Nf3 Nf6 3. b3 b6 4. g3 Bb7 5. Bg2 Be7 6. 0-0 0-0 7. Bb2 d5 8. d3 Nbd7 9. Nc3 c5 10. e3 Qc7 11. Qe2 Rac8 12. Ne1 Rfd8 13. f4 a6 14. g4 d4 15. Ne4 Nxe4 16. dxe4 e5 17. Nd3 b5 18. Rac1 Bc6 19. exd4 cxd4 20. g5 exf4 21. h4 Ne5 22. cxb5 axb5 23. Nxf4 Qa7 24. Nd3 Nxd3 25. Qxd3 Qxa2 26. Rf2 Qa7 27. Bh3 Bd7 28. Rxc8 Bxc8 29. Bxc8 Rxc8 30. Rf5 Qa2 31. Bxd4 Rc1+ 32. Rf1 Rxf1+ 33. Kxf1 Qh2 34. Bf2 b4 35. Qc4 Qh3+ 36. Ke2 h6 37. gxh6 Bxh4 38. h7+ Kxh7 39. Qxf7 Bxf2 40. Kxf2 Qh2+ 41. Ke3 Qg3+ 42. Ke2 Qg2+ 43. Ke3 Qg3+ 1/2-1/2

[Event "HUN-chT2 Erkel 1314"]
[Site "Hungary"]
[Date "2013.09.22"]
[Round "2.3"]
[White "Nagyajtai, Gabor"]
[Black "Bohati, Tamas"]
[Result "1/2-1/2"]
[WhiteElo "2180"]
[BlackElo "2101"]
[PlyCount "57"]
[EventDate "2013.09.08"]
[EventType "team-tourn"]
[EventRounds "11"]
[EventCountry "HUN"]
[SourceTitle "EXT 2016"]
[Source "ChessBase"]
[SourceDate "2015.10.08"]
[SourceVersion "1"]
[SourceVersionDate "2015.10.08"]
[SourceQuality "1"]
[WhiteTeam "Szada GSBE"]
[BlackTeam "Paszto"]
[WhiteTeamCountry "HUN"]
[BlackTeamCountry "HUN"]

1. c4 Nf6 2. Nc3 c5 3. e4 d6 4. g3 Nc6 5. Bg2 Bg4 6. f3 Bd7 7. Nge2 Ne5 8. d3 Bc6 9. 0-0 g6 10. Be3 Bg7 11. Qd2 0-0 12. Rad1 a6 13. Bh6 Qc7 14. Bxg7 Kxg7 15. f4 Ned7 16. d4 cxd4 17. Nxd4 Nc5 18. Nxc6 bxc6 19. b4 Ne6 20. a3 Rab8 21. Bh3 Nd8 22. Qe2 e5 23. fxe5 dxe5 24. Qf3 Qe7 25. c5 a5 26. Rd6 axb4 27. axb4 Ng8 28. Rd7 Qe8 29. Rb1 1/2-1/2

[Event "HUN-chT2 Erkel 1213"]
[Site "Hungary"]
[Date "2013.04.07"]
[Round "10.6"]
[White "D Albini, Geza"]
[Black "Bohati, Tamas"]
[Result "1/2-1/2"]
[WhiteElo "2043"]
[BlackElo "2069"]
[PlyCount "23"]
[EventDate "2012.09.16"]
[EventType "team-tourn"]
[EventRounds "11"]
[EventCountry "HUN"]
[SourceTitle "EXT 2014"]
[Source "ChessBase"]
[SourceDate "2013.11.20"]
[SourceVersion "1"]
[SourceVersionDate "2013.11.20"]
[SourceQuality "1"]
[WhiteTeam "Vizugy"]
[BlackTeam "Paszto"]
[WhiteTeamCountry "HUN"]
[BlackTeamCountry "HUN"]

1. c4 g6 2. Nc3 Nf6 3. e4 d6 4. g3 Bg7 5. Bg2 0-0 6. Nge2 c6 7. 0-0 Nbd7 8. h3 e5 9. d3 Ne8 10. Be3 f5 11. Qd2 Nef6 12. f4 1/2-1/2

[Event "HUN-chT2 Erkel 1213"]
[Site "Hungary"]
[Date "2013.01.27"]
[Round "6.7"]
[White "Bohati, Tamas"]
[Black "Szovan, Karoly"]
[Result "1-0"]
[WhiteElo "2069"]
[BlackElo "2074"]
[PlyCount "101"]
[EventDate "2012.09.16"]
[EventType "team-tourn"]
[EventRounds "11"]
[EventCountry "HUN"]
[SourceTitle "EXT 2014"]
[Source "ChessBase"]
[SourceDate "2013.11.20"]
[SourceVersion "1"]
[SourceVersionDate "2013.11.20"]
[SourceQuality "1"]
[WhiteTeam "Paszto"]
[BlackTeam "Foti"]
[WhiteTeamCountry "HUN"]
[BlackTeamCountry "HUN"]

1. d4 d5 2. c4 e6 3. Nc3 Nf6 4. cxd5 exd5 5. Bg5 c6 6. Qc2 h6 7. Bh4 Be7 8. e3 Bg4 9. Bd3 g5 10. Bg3 Nbd7 11. f3 Bh5 12. Nge2 Rg8 13. 0-0-0 Bg6 14. Kb1 Nh5 15. e4 Nb6 16. Rhe1 Qd7 17. Bf2 0-0-0 18. g4 Nf6 19. e5 Bxd3 20. Qxd3 Ne8 21. Qh7 Nc7 22. Ng3 Qe6 23. Qd3 Rh8 24. Rc1 Kb8 25. Ka1 Rdg8 26. h3 Bf8 27. Nh5 Be7 28. f4 gxf4 29. Nxf4 Qd7 30. Rc2 Ne6 31. Nh5 Rc8 32. Rec1 Bg5 33. Be3 Qe7 34. Bxg5 Qxg5 35. Ne2 Nd7 36. Qa3 c5 37. Qg3 cxd4 38. a3 Qxe5 39. Nf6 Nec5 40. Qxe5+ Nxe5 41. Rxc5 d3 42. Rxc8+ Rxc8 43. Rxc8+ Kxc8 44. Nc3 d4 45. Nd1 Kd8 46. Kb1 h5 47. Nxh5 Ke7 48. Kc1 Ke6 49. Nf4+ Kf6 50. Kd2 Kg5 51. Nxd3 1-0

[Event "HUN-chT2 Erkel 1213"]
[Site "Hungary"]
[Date "2012.12.02"]
[Round "5.7"]
[White "Barta, Zoltan"]
[Black "Bohati, Tamas"]
[Result "1/2-1/2"]
[WhiteElo "1905"]
[BlackElo "2069"]
[PlyCount "76"]
[EventDate "2012.09.16"]
[EventType "team-tourn"]
[EventRounds "11"]
[EventCountry "HUN"]
[SourceTitle "EXT 2014"]
[Source "ChessBase"]
[SourceDate "2013.11.20"]
[SourceVersion "1"]
[SourceVersionDate "2013.11.20"]
[SourceQuality "1"]
[WhiteTeam "Andornaktalya"]
[BlackTeam "Paszto"]
[WhiteTeamCountry "HUN"]
[BlackTeamCountry "HUN"]

1. d4 Nf6 2. Nf3 c5 3. e3 e6 4. Bd3 d5 5. b3 Nc6 6. Bb2 Bd6 7. Ne5 cxd4 8. exd4 0-0 9. 0-0 Qc7 10. Re1 Nb4 11. a3 Nxd3 12. Qxd3 Bd7 13. Nd2 Rfc8 14. c4 b6 15. Rac1 Qb7 16. Qf3 a5 17. g4 Be8 18. Kg2 Qe7 19. Ra1 a4 20. b4 dxc4 21. Ndxc4 Nd5 22. Kg1 f6 23. Nxd6 Qxd6 24. Nd3 Bc6 25. Qe2 Re8 26. Rac1 Bb5 27. Qd2 Rac8 28. Rxc8 Rxc8 29. Rc1 Rc6 30. Rxc6 Qxc6 31. Ne1 Qc4 32. Kg2 g5 33. Kg3 Qc7+ 34. Kg2 Nf4+ 35. Kg3 Ng6+ 36. f4 gxf4+ 37. Kf2 Qc4 38. Kf3 Qf1+ 1/2-1/2

[Event "HUN-chT2 Erkel 1213"]
[Site "Hungary"]
[Date "2012.11.18"]
[Round "4.8"]
[White "Schlahetka, Gaspar"]
[Black "Bohati, Tamas"]
[Result "1-0"]
[WhiteElo "2215"]
[BlackElo "2069"]
[PlyCount "61"]
[EventDate "2012.09.16"]
[EventType "team-tourn"]
[EventRounds "11"]
[EventCountry "HUN"]
[SourceTitle "EXT 2014"]
[Source "ChessBase"]
[SourceDate "2013.11.20"]
[SourceVersion "1"]
[SourceVersionDate "2013.11.20"]
[SourceQuality "1"]
[WhiteTeam "Szigetszentmiklos"]
[BlackTeam "Paszto"]
[WhiteTeamCountry "HUN"]
[BlackTeamCountry "HUN"]

1. e4 c5 2. Nc3 Nc6 3. g3 g6 4. Bg2 Bg7 5. d3 d6 6. Nge2 e6 7. f4 Nge7 8. Be3 Nd4 9. Rb1 Nec6 10. 0-0 0-0 11. g4 f5 12. gxf5 exf5 13. Ng3 Be6 14. Nd5 Bxd5 15. exd5 Nb8 16. a4 Re8 17. Bf2 h5 18. h4 Qxh4 19. c3 Qxf4 20. cxd4 cxd4 21. Re1 Nd7 22. Re6 Kf7 23. Ne2 Qg4 24. Kf1 Be5 25. Nxd4 Qxd1+ 26. Rxd1 a6 27. b4 Rac8 28. Rxe8 Kxe8 29. Nf3 Bc3 30. Rc1 Nb6 31. Bxb6 1-0

[Event "HUN-chT2 Erkel 1213"]
[Site "Hungary"]
[Date "2012.10.07"]
[Round "2.8"]
[White "Hegedus, Rafael"]
[Black "Bohati, Tamas"]
[Result "1/2-1/2"]
[WhiteElo "2039"]
[BlackElo "2069"]
[PlyCount "208"]
[EventDate "2012.09.16"]
[EventType "team-tourn"]
[EventRounds "11"]
[EventCountry "HUN"]
[SourceTitle "EXT 2014"]
[Source "ChessBase"]
[SourceDate "2013.11.20"]
[SourceVersion "1"]
[SourceVersionDate "2013.11.20"]
[SourceQuality "1"]
[WhiteTeam "Mezokovesd"]
[BlackTeam "Paszto"]
[WhiteTeamCountry "HUN"]
[BlackTeamCountry "HUN"]

1. e4 c5 2. Nf3 d6 3. d4 cxd4 4. Nxd4 Nf6 5. Nc3 a6 6. Be2 e5 7. Nb3 Be6 8. Be3 Be7 9. 0-0 b5 10. a3 Nbd7 11. f4 Qc7 12. Rc1 Nb6 13. Nd2 h5 14. h3 Rb8 15. Qe1 Bc4 16. b3 Bxe2 17. Nxe2 Qb7 18. Qf2 Nbd7 19. Qf3 d5 20. fxe5 Nxe5 21. Qg3 Ng6 22. e5 h4 23. Qh2 Nh5 24. b4 Qc7 25. Rf5 f6 26. g4 Ng3 27. Nxg3 hxg3 28. Qxg3 fxe5 29. Bg5 Bxg5 30. Rxg5 Qb6+ 31. Kh2 0-0 32. Rf5 Rxf5 33. gxf5 Nf4 34. Re1 Qf6 35. Nf3 Qxf5 36. Rxe5 Qxc2+ 37. Kh1 Rf8 38. Rg5 Qd1+ 39. Ng1 Qd4 40. Nf3 Qf6 41. Ng1 d4 42. Qb3+ Rf7 43. Rc5 Qg6 44. Qf3 Nd3 45. Rc8+ Kh7 46. Qa8 Nf2+ 47. Kh2 Qd6+ 48. Kg2 d3 49. Rd8 Qg6+ 50. Kh2 Qf5 51. Rh8+ Kg6 52. Qg2+ Kf6 53. Qc6+ Qe6 54. Qf3+ Ke7 55. Qb7+ Qd7 56. Qb8 Qd6+ 57. Qxd6+ Kxd6 58. Rd8+ Ke5 59. Kg2 Ne4 60. Nf3+ Kf4 61. Rxd3 Rc7 62. Nd4 Ke5 63. Nf3+ Kf6 64. Nd4 Rc1 65. Kf3 Ke5 66. Ke2 Rh1 67. Nf3+ Kf4 68. Nd4 Ng3+ 69. Kd2 Rh2+ 70. Kc3 Ne2+ 71. Kb3 g6 72. Rf3+ Ke5 73. Rd3 Nf4 74. Nc6+ Ke4 75. Rd4+ Kf5 76. h4 Rh3+ 77. Kb2 Nd3+ 78. Kc2 Ne1+ 79. Kb2 Nf3 80. Rd6 Nxh4 81. Ne7+ Ke5 82. Rxa6 g5 83. Rb6 Nf3 84. Rxb5+ Kd4 85. Nf5+ Kd3 86. Rd5+ Ke4 87. Rc5 Ne5 88. Nd6+ Kf4 89. Rc8 g4 90. Rf8+ Ke3 91. b5 Rf3 92. Rg8 Rf6 93. Ne8 Re6 94. Nc7 Rd6 95. Re8 Kd4 96. Ne6+ Kc4 97. a4 g3 98. Nf4 Rd4 99. Rxe5 Rxf4 100. Rg5 Kb4 101. Rxg3 Kxa4 102. Rg5 Rb4+ 103. Kc3 Rxb5 104. Rxb5 Kxb5 1/2-1/2

[Event "HUN-chT2 Erkel 1112"]
[Site "Hungary"]
[Date "2012.05.20"]
[Round "11.5"]
[White "Liskan, Lajos"]
[Black "Bohati, Tamas"]
[Result "1/2-1/2"]
[WhiteElo "1967"]
[BlackElo "2038"]
[PlyCount "63"]
[EventDate "2011.09.25"]
[EventType "team-tourn"]
[EventRounds "11"]
[EventCountry "HUN"]
[SourceTitle "EXT 2013"]
[Source "ChessBase"]
[SourceDate "2012.11.22"]
[SourceVersion "1"]
[SourceVersionDate "2012.11.22"]
[SourceQuality "1"]
[WhiteTeam "Szigetszentmiklos"]
[BlackTeam "Paszto"]
[WhiteTeamCountry "HUN"]
[BlackTeamCountry "HUN"]

1. e4 c5 2. Nf3 a6 3. c3 g6 4. d4 cxd4 5. cxd4 Bg7 6. Nc3 d6 7. h3 Nf6 8. a4 0-0 9. Bc4 Nc6 10. 0-0 Nxe4 11. Nxe4 d5 12. Bxd5 Qxd5 13. Nc3 Qf5 14. Qe2 Nxd4 15. Nxd4 Bxd4 16. Qxe7 Be6 17. Qg5 Qxg5 18. Bxg5 f6 19. Be3 Be5 20. f4 Bc7 21. Rfd1 Rfd8 22. Kf2 Bb3 23. Rxd8+ Rxd8 24. Ne4 Kf7 25. Nd2 Bd5 26. g3 Be6 27. h4 Bb6 28. Ne4 Bxe3+ 29. Kxe3 Bf5 30. Rc1 Rd7 31. Rc4 Bxe4 32. Kxe4 1/2-1/2

[Event "HUN-chT2 Erkel 1112"]
[Site "Hungary"]
[Date "2012.02.19"]
[Round "6.5"]
[White "Slezak, Robert"]
[Black "Bohati, Tamas"]
[Result "1/2-1/2"]
[WhiteElo "2104"]
[BlackElo "2038"]
[PlyCount "77"]
[EventDate "2011.09.25"]
[EventType "team-tourn"]
[EventRounds "11"]
[EventCountry "HUN"]
[SourceTitle "EXT 2013"]
[Source "ChessBase"]
[SourceDate "2012.11.22"]
[SourceVersion "1"]
[SourceVersionDate "2012.11.22"]
[SourceQuality "1"]
[WhiteTeam "Vaci"]
[BlackTeam "Paszto"]
[WhiteTeamCountry "HUN"]
[BlackTeamCountry "HUN"]

1. e4 c5 2. Nf3 a6 3. c4 Nc6 4. d4 cxd4 5. Nxd4 g6 6. Be3 Bg7 7. Nc3 d6 8. Be2 Nf6 9. 0-0 0-0 10. h3 Nxd4 11. Bxd4 Be6 12. b3 Nd7 13. Bxg7 Kxg7 14. Qd4+ f6 15. Rad1 Qc7 16. Nd5 Bxd5 17. exd5 Qc5 18. f4 Rac8 19. Kh2 Qxd4 20. Rxd4 Rc7 21. g4 g5 22. fxg5 fxg5 23. Rxf8 Kxf8 24. Kg3 Kg7 25. Kf3 Nf6 26. Ke3 a5 27. a3 b6 28. Rd1 Ra7 29. Bd3 Rc7 30. Bf5 h5 31. Kd4 Ra7 32. Rg1 h4 33. Rf1 Rc7 34. Be6 Ra7 35. Rf5 Kg6 36. Rf3 Kg7 37. Re3 Kg6 38. Bf5+ Kf7 39. Rf3 1/2-1/2

[Event "HUN-chT2 Erkel 1011"]
[Site "Hungary"]
[Date "2010.09.26"]
[Round "2.10"]
[White "Bohati, Tamas"]
[Black "Gulyas, Zoltan"]
[Result "1-0"]
[WhiteElo "2002"]
[BlackElo "2063"]
[PlyCount "77"]
[EventDate "2010.09.12"]
[EventType "team-tourn"]
[EventRounds "11"]
[EventCountry "HUN"]
[SourceTitle "EXT 2012"]
[Source "ChessBase"]
[SourceDate "2011.11.24"]
[SourceVersion "1"]
[SourceVersionDate "2011.11.24"]
[SourceQuality "1"]
[WhiteTeam "Paszto"]
[BlackTeam "Ujszasz"]
[WhiteTeamCountry "HUN"]
[BlackTeamCountry "HUN"]

1. d4 d5 2. c4 e6 3. Nc3 Nf6 4. Nf3 Be7 5. Bf4 a6 6. e3 0-0 7. cxd5 exd5 8. Bd3 Nbd7 9. Qc2 c5 10. a4 c4 11. Bf5 Re8 12. 0-0 Nf8 13. Rfe1 Bb4 14. Bg5 Be6 15. Nd2 Qd7 16. Bxe6 fxe6 17. Re2 b5 18. Nf3 Qb7 19. Bxf6 gxf6 20. e4 Bd6 21. exd5 exd5 22. Rxe8 Rxe8 23. Qf5 bxa4 24. Qxd5+ Qxd5 25. Nxd5 Rb8 26. Nxf6+ Kf7 27. Ne4 Be7 28. g3 Rxb2 29. Ne5+ Ke6 30. Rxa4 Kd5 31. Nxc4 Rb1+ 32. Kg2 Bb4 33. Ned2 Bxd2 34. Nxd2 Rb6 35. Nf1 Kc6 36. Ne3 Kb5 37. Ra1 Rd6 38. d5 a5 39. Rxa5+ 1-0